Central Library OPAC University of Rajshahi

আরেক ফাল্গুন / (Record no. 43893)

MARC details
000 -LEADER
fixed length control field 00761nam a2200229 a 4500
001 - CONTROL NUMBER
control field 43893
003 - CONTROL NUMBER IDENTIFIER
rucl marc code BD-RjUL
005 - DATE AND TIME OF LATEST TRANSACTION
control field 20211209053752.0
008 - FIXED-LENGTH DATA ELEMENTS--GENERAL INFORMATION
fixed length control field 160628s1969 bg ||||| |||| 00| 0 ben d
020 ## - INTERNATIONAL STANDARD BOOK NUMBER
Terms of availability : Tk. 3.50
035 ## - SYSTEM CONTROL NUMBER
System control number (BD-RjUL)44011
040 ## - CATALOGING SOURCE
Original cataloging agency BD-RjUL
Language of cataloging ben
Transcribing agency BD-RjUL
041 ## - LANGUAGE CODE
Language code of text/sound track or separate title ben
082 ## - DEWEY DECIMAL CLASSIFICATION NUMBER
Edition number 23
Classification number 891.443
Author mark and year RAA 1969
100 ## - MAIN ENTRY--PERSONAL NAME
Personal name রায়হান, জহির
9 (RLIN) 126468
245 ## - TITLE STATEMENT
Title আরেক ফাল্গুন /
Statement of responsibility, etc. জহির রায়হান
260 ## - PUBLICATION, DISTRIBUTION, ETC. (IMPRINT)
Place of publication, distribution, etc. ঢাকা :
Name of publisher, distributor, etc. সন্ধানী প্রকাশনী,
Date of publication, distribution, etc. ১৯৬৯
300 ## - PHYSICAL DESCRIPTION
Pagination ১১০ পৃ. ;
Size ২১ সেমি.
650 ## - SUBJECT ADDED ENTRY--TOPICAL TERM
Topical term or geographic name as entry element বাংলা উপন্যাস
9 (RLIN) 134879
Topical term or geographic name as entry element Bengali Fiction
9 (RLIN) 134880
942 ## - ADDED ENTRY ELEMENTS (KOHA)
Source of classification or shelving scheme Dewey Decimal Classification
Koha item type Books
Holdings
Lost status Source of classification or shelving scheme Damaged status Not for loan Collection code Permanent Location Current Location Shelving location Date acquired Source of acquisition Cost, normal purchase price Total Checkouts Full call number Date last seen Date checked out Copy number Koha item type
  Dewey Decimal Classification     Fiction Central Library, University of Rajshahi Central Library, University of Rajshahi   23/06/1970 Pakistan Book Centre 3.50 18 B 891.443 RAA 1969 13/04/2026 09/04/2026 C-2 Books
  Dewey Decimal Classification   Not For Loan Fiction Central Library, University of Rajshahi Central Library, University of Rajshahi Reading Room 20/05/1970 Dacca, Nawrosze kita bistan 3.50   B 891.443 RAA 1969 13/02/2017   C-1 Books